| 000 | 00790nam a22002177a 4500 | ||
|---|---|---|---|
| 999 |
_c6202 _d6202 |
||
| 003 | AR-CdUCM | ||
| 008 | 190313b ||||| |||| 00| 0 spa d | ||
| 040 |
_aMUNICIPALIDAD PROVINCIAL DEL CUSCO _cBIBLIOTECA MUNICIPAL DEL CUSCO |
||
| 041 | _heng | ||
| 082 |
_a900 / _bL1964 |
||
| 245 |
_aLibro del año Barsa 1964 : _bAnuario ilustrado de los principales acontecimientos ocurridos en el mundo en el año 1963 / |
||
| 260 |
_aLos Ángeles, California : _bBarsa Company _c1964 |
||
| 300 |
_a415 páginas ; _bIlustraciones, _c33 cm. |
||
| 650 |
_aAcontecimientos Mundiales _917892 |
||
| 650 |
_aHistoria mundia _917893 |
||
| 650 |
_a1963 _917894 |
||
| 650 |
_aEconomia, deporte, política _917895 |
||
| 700 |
_aHinojosa Flores, Manuel (director) _917896 |
||
| 942 |
_2ddc _cLIBROS |
||
| 945 | _acmm | ||